000 00570nam a2200217Ia 4500
005 20250425162115.0
008 250425s9999 xx 000 0 und d
020 _a9684223919
041 _aspa
082 _a624
100 _aMERRITT, FREDERICK S.
245 0 _aGUIA DEL INGENIERO CIVIL
250 _a1A ED.
260 _aMEXICO
260 _aMéxico
_bMCGRAW-HILL
_c1990
500 _aTítulo Traducido: CIVIL ENGINEERING REFERENCE GUIDE
650 _aINGENIERIA CIVIL
700 _aJOSE E. DE LA CERA ALONSO
_etraductor
942 _c01
010 _a50545
999 _c222457
_d222457